00662cam a22002291 4500001001300000003000400013005001700017008004100034010002200075025001900097040001800116043001200134050001800146082001800164110004300182245007800225250001200303260002100315300002200336650005700358999001700415sa 68001464 DLC20260227112433.0710903s1967 pk r 000 0 eng  asa 68001464 //r94 aPL480:P-E-1282 aDLCcDLCdDLC aa-pk---00aT12.5b.P28A500a670/.025/549210aPakistan.bCentral Statistical Office.10aDirectory of manufacturing establishments: Bogra District, East Pakistan. a1st ed.1 a[Karachi,c1967] aiv, 27 p.c26 cm. 0aIndustrieszPakistanzBogra (District)xDirectories. c77969d77969